00823nam a2200229Ia 4500003000400000005001700004008004100021020001800062040001800080041000800098082002100106100002800127245007100155250001200226260005300238300002400291650003500315650003000350942003000380999001900410952016400429OSt20220129093734.0210716s2014 xx 000 0 und d a9788120342378 cAIMIT LIBRARY aeng a332.17 21bGOMC aGomez, Clifford.915144 aBanking and finance:btheory law and practice /cBy Clifford Gomez a1st ed. aNew Delhi:bPHI Learning private limited,c2014. axxiv,344p. ;c24cm. aClassification of Banks915145 aCommercial Banking915146 2ddccBKe1stk332.17 GOMC c209105d209105 00102ddc40708MBAaAIMITbAIMITd2015-03-14g325.00iBill no:1409; Bill dt:2015-03-12l0o332.17 GOMCpMBA11671r2026-05-23 00:00:00v243.75w2021-07-16yBK